Marketing obchodného reťazca bakalárska práca

Gespeichert in:
Bibliographische Detailangaben
1. Verfasser: Rácová, Barbora
Körperschaft: Obchodná fakulta EU. Katedra marketingu
Weitere Verfasser: Balhar, Vítězslav, Jr
Format: Buch
Sprache:Slowakisch
Veröffentlicht: Bratislava 2014
Tags: Tag hinzufügen
Keine Tags, Fügen Sie das erste Tag hinzu!

MARC

LEADER 00000nbm a2200000 4500
001 0188309
005 20170201101424.3
041 0 |a slo 
044 |a SK 
245 1 0 |a Marketing obchodného reťazca  |b bakalárska práca  |c Barbora Rácová ; školiteľ: Vítězslav Balhar 
264 1 |a Bratislava  |c 2014 
300 |a 50 s. 
100 1 |a Rácová, Barbora 
700 1 |a Balhar, Vítězslav, Jr. 
710 2 |a Obchodná fakulta EU. Katedra marketingu